00241cam a2200085ua 4500082001600000100002200016245005600038260004900094300001200143 a821bTEN/AL aTennyson, Alfred. aAlfred Tennyson`s Poetical Works Including Plays /  aLondon : bOxford University Press , c1963. a563 ; .